De la educación moral (Record no. 25291)

MARC details
000 -LEADER
campo de control de longitud fija 00806nam a2200205 i 4500
001 - NÚMERO DE CONTROL
campo de control 25291
003 - IDENTIFICADOR DE NÚMERO DE CONTROL
campo de control ES-MaACL
005 - FECHA Y HORA DE LA ÚLTIMA TRANSACCIÓN
campo de control 20250724063404.0
007 - CAMPO FIJO DE DESCRIPCIÓN FÍSICA--INFORMACIÓN GENERAL
campo de control de longitud fija t|
008 - DATOS DE LONGITUD FIJA--INFORMACIÓN GENERAL
campo de control de longitud fija 021223s1912 sp ||||1| spa d
100 1# - ENTRADA PRINCIPAL--NOMBRE DE PERSONA
Nombre de persona Figueroa, Juan Armada y Losada,
Títulos y otros términos asociados al nombre Marqués de,
Fechas asociadas al nombre 1861-1932
9 (RLIN) 50781
245 10 - MENCIÓN DEL TÍTULO
Título De la educación moral
Resto del título : discurso de recepción en la R. Acad. de Ciencias Morales y Políticas /
Mención de responsabilidad, etc. Juan Armada y Losada ; constestación de Javier Ugarte y Pagés.
260 ## - PUBLICACIÓN, DISTRIBUCIÓN, ETC.
Lugar de publicación, distribución, etc. Madrid :
Nombre del editor, distribuidor, etc. [s.n.,
Fecha de publicación, distribución, etc. 1912]
490 1# - MENCIÓN DE SERIE
Mención de serie Discursos de recepción ;
Designación de volumen o secuencia 10
700 1# - ENTRADA AGREGADA--NOMBRE PERSONAL
Nombre de persona Ugarte y Pagés, Javier.
9 (RLIN) 111900
710 2# - ENTRADA AGREGADA--NOMBRE DE ENTIDAD CORPORATIVA
Nombre de entidad corporativa o nombre de jurisdicción como elemento de entrada Real Academia de Ciencias Morales y Políticas (España)
9 (RLIN) 222050
830 0# - PUNTO DE ACCESO ADICIONAL DE SERIE-TÍTULO UNIFORME
Título uniforme Discursos de recepción ;
Designación de volumen o secuencia 10
9 (RLIN) 229134
852 ## - LOCALIZACIÓN
Ubicación ES-MaACL
Número de control de estantería 50-D-12
Holdings
Estatus retirado Estado de pérdida Estado de daño No para préstamo Biblioteca de origen Biblioteca actual Ubicación en estantería Fecha de adquisición Fuente de adquisición Total de préstamos Signatura topográfica completa Código de barras Visto por última vez Precio de reemplazo Tipo de ítem Koha
        Biblioteca del Ateneo de Madrid Biblioteca del Ateneo de Madrid Depósito 17/01/2008     50-D-12 1026074 23/02/2023 23/02/2023 Libro impreso